ბათუმის შოთა რუსთაველის სახელმწიფო უნივერსიტეტის ბიბლიოთეკა

ინკლუზიური განათლების დანერგვა საქართველოს პროფესიული განათლებისა და გადამზადების სისტემაში (ბიბ.ჩანაწერი № 46284)

000 -LEADER
fixed length control field 01093nam a2200193Ia 4500
001 - CONTROL NUMBER
control field 13118
003 - CONTROL NUMBER IDENTIFIER
control field GE_BSU
008 - FIXED-LENGTH DATA ELEMENTS--GENERAL INFORMATION
fixed length control field 181216s||||||||xx |||||||||||||| ||und||
040 ## - CATALOGING SOURCE
Transcribing agency GE_BSU
080 ## - UNIVERSAL DECIMAL CLASSIFICATION NUMBER
Universal Decimal Classification number 376.2
245 ## - TITLE STATEMENT
Title ინკლუზიური განათლების დანერგვა საქართველოს პროფესიული განათლებისა და გადამზადების სისტემაში
245 ## - TITLE STATEMENT
Remainder of title წლიური ანგარიში 2013
245 ## - TITLE STATEMENT
Statement of responsibility, etc. მარიკა ზაქარეიშვილი. პროექტის დირექტორი მაია ბაგრატიონი
260 ## - PUBLICATION, DISTRIBUTION, ETC.
Place of publication, distribution, etc. თბილისი
260 ## - PUBLICATION, DISTRIBUTION, ETC.
Date of publication, distribution, etc. 2013
300 ## - PHYSICAL DESCRIPTION
Extent 58გვ.ილ.29სმ.
653 ## - INDEX TERM--UNCONTROLLED
Uncontrolled term ინკლუზიური განათლების დანერგვა საქართველოს პროფესიული განათლებისა და გადამზადების სისტემაში
942 ## - ADDED ENTRY ELEMENTS (KOHA)
Koha item type წიგნი
ეგზემპლარები
Withdrawn status Lost status Damaged status Not for loan Date acquired Barcode Date last seen Price effective from Koha item type
        2018-12-17 27232 2018-12-17 2018-12-17 წიგნი